000 01031nam a22002537a 4500
999 _c65697
_d65697
005 20240530110838.0
008 191209s2008 ua a f | 000 0 ara d
017 _a2008/24863
_bمصر. دار الكتب
040 _aEG-CaGPL
_cEG-CaGPL
082 0 4 _221
_a379.62
_bق/ ع ق
100 0 _aعلا الخواجة
245 1 0 _aقضية التعليم فى مصر :
_bالعئد الاقتصادى والاجتماعى /
_cتحرير علا الخواجة ؛ اشرف العربى ...( واخ )
250 _aط .1
260 _aالقاهرة :
_bشركة التنمية،
_c2008
300 _a327 ص . :
_bايض . ؛
_c24 سم .
650 0 7 _2qrmak
_aالتعليم العالى
_zمصر
650 0 7 _aالتعليم
_xالجوانب الاقتصادية
_2qrmak
651 _2qrmak
700 0 _aاشرف العربى
_eمؤلف مشارك
700 0 _aحنان قنديل
_eمؤلف مشارك
700 0 _aخالد عبدالفتاح
_eمؤلف مشارك
942 _2ddc
_cBK